Insight into wavelets : from theory to practice (Record no. 173616)

MARC details
000 -LEADER
fixed length control field 00398nam a2200145Ia 4500
008 - FIXED-LENGTH DATA ELEMENTS--GENERAL INFORMATION
fixed length control field 231217s9999 xx 000 0 und d
041 ## - LANGUAGE CODE
Language code of text/sound track or separate title English
082 ## - DEWEY DECIMAL CLASSIFICATION NUMBER
Classification number 621.3822 SOM;1 R
100 ## - MAIN ENTRY--PERSONAL NAME
Personal name Soman, K P Ramachandran, K I
245 #0 - TITLE STATEMENT
Title Insight into wavelets : from theory to practice
260 ## - PUBLICATION, DISTRIBUTION, ETC.
Date of publication, distribution, etc. 2004
Name of publisher, distributor, etc. PHI
Place of publication, distribution, etc. New Delhi
300 ## - PHYSICAL DESCRIPTION
Extent xiii+293
650 ## - SUBJECT ADDED ENTRY--TOPICAL TERM
Topical term or geographic name entry element Insight,into,wavelets,
942 ## - ADDED ENTRY ELEMENTS (KOHA)
Koha item type Books
Holdings
Date last seen Total checkouts Full call number Accession number Cost, total (INR) price Price effective from Category Lost status Damaged status Department Withdrawn status Home library Current library Shelving location Entry date Vendor Cost, normal purchase price Grants Billnumber Billdate Currency symbol Conversion rate Discount Old discount
26/01/2024   621.3822 SOM;1 R 30986 200.00 26/01/2024 Books     Central Library   Central Library Central Library Central Library 15/12/2004 Sai Books 250.00 IS 145 10/05/2016 RS 1 50 20
26/01/2024   621.3822 SOM;2 R1 30987 200.00 26/01/2024 Books     Central Library   Central Library Central Library Central Library 15/12/2004 Sai Books 250.00 IS 145 03/01/2012 RS 1 50 20
26/01/2024   621.3822 SOM;3 47583 221.25 26/01/2024 Books     CS   Central Library Central Library CS 20/12/2007 Tata Book House 295.00 CS/PG 940 23/01/2009 RS 1 73.75 25

© For any Suggestions or Query, please contact the library staff @ librarian@pes.edu or Phone: +9180 2672 1983/ 2108.